| 000 | 00345nam a22001457a 4500 | ||
|---|---|---|---|
| 020 | _qPB. | ||
| 040 | _cFIZZA ISHAQ | ||
| 082 |
_a005.1068 _bBOB |
||
| 100 |
_aHUGHES, BOB. _955523 |
||
| 245 |
_aSOFTWARE PROJECT MANAGEMENT / _cBOB HUGHES |
||
| 250 | _a4TH ED. | ||
| 260 |
_aLONDON : _bGREW HILL, _c2006. |
||
| 300 | _a357 P ; | ||
| 942 |
_2ddc _cBK |
||
| 999 |
_c566366 _d566366 |
||